Statistiques concernant Pays méditerranéens avec une carte vide

Cliquez ici pour prendre le quiz!

Statistiques générales

  • Ce quiz a été pris 35 744 fois
  • Le résultat moyen est 19 sur 21

Réponses sur la Carte

Les réponses sont colorées sur une échelle allant du rouge au vert en fonction du pourcentage des utilisateurs qui les ont devinées à leur premier essai. Vous pouvez retrouver ces pourcentages ci-dessous.
 

Statistiques - réponses

Pays% Correct
France
100%
Italie
100%
Algérie
99%
Espagne
99%
Grèce
99%
Maroc
98%
Égypte
97%
Tunisie
97%
Turquie
97%
Croatie
95%
Chypre
94%
Libye
92%
Albanie
91%
Israël
88%
Bosnie-Herzégovine
85%
Monténégro
83%
Liban
82%
Malte
82%
Syrie
81%
Slovénie
76%
Monaco
65%

Distribution des résultats

Percentile par nombre de réponses

% des personnes avec chaque résultat

Votre développement - résultats

Vous n’avez pas pris ce quiz